| 000 | 00974cam a22002895a 4500 | ||
|---|---|---|---|
| 001 | 016800988 | ||
| 003 | OSt | ||
| 005 | 20150809123356.0 | ||
| 008 | 140704t2014 caua fr 001 0 eng d | ||
| 020 | _a9780133953565 | ||
| 020 | _a0133953564 (pbk.) | ||
| 040 |
_aStDuBDS _beng _cStDuBDS _dEG-ScBUE |
||
| 082 | 0 | 4 |
_a686.22544536 _bCOH _222 |
| 100 | 1 |
_aCohen, Sandee, _d1948- _938149 |
|
| 245 | 1 | 0 |
_aInDesign CC : _b2014 release for Windows and Macintosh / _cSandee Cohen. |
| 260 |
_a[San Francisco] : _bPeachpit Press / Pearson Education, _cc.2014. |
||
| 300 |
_axii, 532 p. : _bill. (col.) ; _c24 cm. |
||
| 490 | 0 | _aVisual quickstart guide | |
| 500 | _aIndex : p. 505-532. | ||
| 500 | _aPlace of publication from publisher's website. | ||
| 630 | 0 | 0 | _aAdobe InDesign (Electronic resource) |
| 650 | 0 |
_aDesktop publishing. _2BUEsh |
|
| 651 | _2BUEsh | ||
| 653 |
_bCOMAME _bCOMSCI _cJune2015 _cAugust2015 |
||
| 655 |
_vreading book _934232 |
||
| 942 |
_2ddc _k686.22544536 COH |
||
| 999 |
_c19557 _d19529 |
||